000 00524nam a2200193 a 4500
001 1777027203823
003 YourLibrary
005 20260424161208.0
008 260424s2006##################000#0#eng##
020 _a9789067042130
082 0 4 _a344.240153WAA
100 1 _aWaaldijk, Kees,
_eauthor.
245 1 0 _aSexual Orientation Discrimination in the European Union :
260 _bT.M.C. Asser Press,
_c2006.
300 _a272 pages
650 0 _aLaw.
942 _cENGLISH
040 _aYourLibrary
_beng
_cYourLibrary
999 _c619885
_d619885